000 00251nam a2200109Ia 4500
008 231219s9999 xx 000 0 und d
041 _aeng
100 _aRogers and Grassi
245 _aRetailing
260 _bThe Dryden Press
650 _aManagement
999 _c977332
_d977332